000 00502nmm a2200169Ia 4500
008 251105s9999||||xx |||||||||||||||||und||
020 _a9788496582217
041 _aspa
100 _aChavarrías, Antoniio
245 0 _aLas vidas de Celia :
_b guión cinematográfico de Antonio Chavarrías
264 _a[Madrid, España] :
_bOcho y Medio,
_c2007
300 _a140 páginas
490 _aEspiral
650 _aFilm studies
856 _uhttps://public.digitaliapublishing.com/a/438
942 _cCF
999 _c89997
_d89997